Estetické alternativy : jazyk vědy a jazyk poezie /

Hlavní autor: Mathauser, Zdeněk, 1920-2007
Jazyk: Čeština
Vydáno: Praha : Gryf, 1994
Témata:
Fyzický popis: 141 s. ; 21 cm
Knihy
Uloženo v:
LEADER 00943nam a22003012a 4500
001 000250389
003 CZ BrMZK
005 20050512115922.0
008 970107s1994 xr f cze d
020 |a 80-85829-08-8  |q (brož.) 
040 |a ABA001  |b cze  |d BOA001 
045 |a w9x2 
080 9 |a 882  |2 undef 
080 9 |a 82.09  |2 undef 
100 1 |a Mathauser, Zdeněk,  |d 1920-2007  |7 jk01080711  |4 aut 
245 1 0 |a Estetické alternativy :  |b jazyk vědy a jazyk poezie /  |c Zdeněk Mathauser 
260 |a Praha :  |b Gryf,  |c 1994 
300 |a 141 s. ;  |c 21 cm 
500 |a Odkazy na lit. 
500 |a Pozn. 
500 |a Pozn. o autorovi 
500 |a Ediční pozn 
653 0 |a literární estetika  |a literární věda  |a ruská poezie 
655 7 |a studie  |7 fd133597  |2 czenas 
910 |a BOA001  |b PK-0122.737 
990 |a BK 
991 |b 200505 
996 7 |b 3119913370  |c PK-0122.737  |l MZK  |r Sklad / do 1 hodiny  |n 15  |w 000250389  |u 000010  |a 1  |e BOA001  |j MZK50  |s A